[Event "AUTO-OPEN-880"]
[Site "http://www.queenalice.com/game.php?id=293633"]
[Date "2007.10.27"]
[Round "1"]
[White "ashokteli"]
[Black "klitzke"]
[Result "1-0"]
[WhiteElo "2067"]
[BlackElo "1628"]

1. e4 e5 2. Nf3 d6 3. Bc4 Bg4 4. O-O Qf6 5. Be2 Nc6 6. Nc3 Nd4 7. Nxd4 exd4 8.
Nd5 Qd8 9. Bxg4 Nf6 10. Nxf6+ Qxf6 11. d3 g6 12. Qf3 Qg7 13. Bg5 Be7 14. Bxe7
Kxe7 15. e5 dxe5 16. Qxb7 Kf6 17. Qxc7 1-0

[Event "AUTO-OPEN-880"]
[Site "http://www.queenalice.com/game.php?id=293634"]
[Date "2007.10.27"]
[Round "1"]
[White "klitzke"]
[Black "TheBigSid"]
[Result "0-1"]
[WhiteElo "1668"]
[BlackElo "1870"]

1. e4 e6 2. d4 d5 3. e5 c5 4. c3 Nc6 5. Bb5 a6 6. Bxc6+ bxc6 7. Qa4 Qb6 8. dxc5
Bxc5 9. Nh3 a5 10. Qf4 h6 11. Nd2 Ba6 12. b3 Ne7 13. c4 Ng6 14. Qg4 Bd4 15. Rb1
Nxe5 16. Qg3 dxc4 17. bxc4 Qc5 18. O-O Bxc4 19. Re1 O-O 20. Ne4 Qe7 21. Nd2 Bd5
22. Rxe5 Bxe5 23. Qxe5 Bxa2 24. Ra1 Bd5 25. Nf4 Qf6 26. Qe3 Qxa1 27. Nf1 a4 28.
Qg3 Qxc1 29. Nh5 Qg5 30. Qh3 a3 31. Ne3 a2 32. Nc2 Qc1+ 33. Ne1 Qxe1# 0-1

[Event "AUTO-OPEN-880"]
[Site "http://www.queenalice.com/game.php?id=293635"]
[Date "2007.10.27"]
[Round "1"]
[White "TheBigSid"]
[Black "klitzke"]
[Result "1-0"]
[WhiteElo "1944"]
[BlackElo "1670"]

1. d4 d5 2. c4 Nf6 3. e3 g6 4. Nc3 Bg7 5. Nf3 Bg4 6. Qb3 b6 7. cxd5 Bxf3 8. gxf3
O-O 9. Bd3 a6 10. Bd2 b5 11. e4 c6 12. dxc6 Nxc6 13. Be3 Nxd4 14. Bxd4 Qxd4 15.
Qc2 Rac8 16. a3 Nd7 17. Ke2 Rfd8 18. Rhd1 Ne5 19. Qd2 Nxd3 20. Qxd3 Qc4 21. Qxc4
bxc4 22. Rxd8+ Rxd8 23. Rd1 Rb8 24. Rd2 e6 25. Ke3 Rb3 26. f4 Bxc3 27. bxc3
Rxc3+ 28. Kd4 Rxa3 29. Kxc4 Rh3 30. Kd4 Rxh2 31. Ra2 h5 32. Ke3 e5 33. fxe5 g5
34. Rxa6 Kg7 35. e6 fxe6 36. Rxe6 h4 37. Kf3 Rh3+ 38. Kg4 Rh1 39. Kxg5 Rf1 40.
Kxh4 Rxf2 41. Kg5 Rg2+ 42. Kf5 Rf2+ 43. Ke5 Kf7 44. Ra6 Kg7 45. Ra7+ Kg6 46. Kd6
Rf4 47. e5 Kf5 48. Rf7+ Kg5 49. Rxf4 Kxf4 50. e6 Kf5 51. e7 Kf6 52. e8=Q Kf5 53.
Qe3 1-0

[Event "AUTO-OPEN-880"]
[Site "http://www.queenalice.com/game.php?id=293636"]
[Date "2007.10.27"]
[Round "1"]
[White "klitzke"]
[Black "J_Ricardo"]
[Result "1-0"]
[WhiteElo "1637"]
[BlackElo "1504"]

1. e4 e5 2. Nf3 d6 3. Bc4 h6 4. c3 a6 5. d4 Nd7 6. dxe5 dxe5 7. Be3 Ngf6 8. Qb3
Qe7 9. O-O b6 10. Nbd2 b5 11. Bd3 Bb7 12. h3 Qd6 13. Be2 Be7 14. Rad1 O-O 15.
Nh4 Nxe4 16. Nxe4 Qc6 17. Bf3 Qe6 18. Qxe6 fxe6 19. Rxd7 Bxh4 20. Rxc7 Bd5 21.
Bc5 Rf5 22. Nd6 Rg5 23. Be3 Rg6 24. Bh5 Rf6 25. Ne8 Rf5 26. Rxg7+ Kf8 27. Bg6
Rg5 28. g3 Bxg3 29. fxg3+ Rf5 30. Bc5# 1-0

[Event "AUTO-OPEN-880"]
[Site "http://www.queenalice.com/game.php?id=293637"]
[Date "2007.10.27"]
[Round "1"]
[White "J_Ricardo"]
[Black "klitzke"]
[Result "0-1"]
[WhiteElo "1493"]
[BlackElo "1648"]

1. e4 e5 2. Nf3 d6 3. Bc4 Bg4 4. Nc3 Nc6 5. h3 Bh5 6. a3 Nd4 7. O-O Bxf3 8. gxf3
Qg5+ 9. Kh2 Qf4+ 10. Kg1 Nxf3+ 11. Qxf3 Qxf3 12. Be2 Qxh3 13. Nd5 Nh6 14. Nxc7+
Kd8 15. Nxa8 Ng4 16. Bxg4 Qxg4+ 17. Kh1 d5 18. d3 h5 19. exd5 h4 20. f3 Qg3 21.
Be3 h3 22. Rf2 e4 23. dxe4 Bd6 24. Raf1 Kd7 25. Rg1 Qe5 26. c3 Rxa8 27. f4 Qxe4+
28. Kh2 Qxe3 29. Rff1 Bxf4+ 30. Kh1 Qe4+ 31. Rg2 Qxg2# 0-1

[Event "AUTO-OPEN-973"]
[Site "http://www.queenalice.com/game.php?id=337664"]
[Date "2008.1.17"]
[Round "1"]
[White "klitzke"]
[Black "jiujitsubr"]
[Result "0-1"]
[WhiteElo "1639"]
[BlackElo "1748"]

1. e4 c5 2. Bc4 d6 3. h3 Nf6 4. Nc3 Nc6 5. d3 g6 6. Qf3 Bg7 7. Nge2 Ne5 8. Qe3
Nxc4 9. dxc4 O-O 10. O-O Be6 11. b3 Qa5 12. a4 Nd7 13. Bd2 Qd8 14. Nf4 Bh6 15.
Rae1 Nf6 16. Ncd5 Nxd5 0-1

[Event "AUTO-OPEN-973"]
[Site "http://www.queenalice.com/game.php?id=337665"]
[Date "2008.1.17"]
[Round "1"]
[White "jiujitsubr"]
[Black "klitzke"]
[Result "1-0"]
[WhiteElo "1735"]
[BlackElo "1652"]

1. d4 d5 2. c4 Nf6 3. Nc3 c6 4. e3 e6 5. Bd3 g6 6. Nge2 Bg7 7. O-O h5 8. f3 Na6
9. Qc2 Nb4 10. Qb1 Nxd3 11. Qxd3 h4 12. e4 dxc4 13. Qxc4 Bd7 14. Bg5 Rh5 15. f4
b5 16. Qd3 1-0

[Event "AUTO-ADV-771"]
[Site "http://www.queenalice.com/game.php?id=337870"]
[Date "2008.1.17"]
[Round "1"]
[White "extinsion_extelar"]
[Black "klitzke"]
[Result "1-0"]
[WhiteElo "1939"]
[BlackElo "1657"]

1. e4 e5 2. Nf3 d6 3. d4 Nf6 4. Nc3 Bd7 5. dxe5 Ng4 6. exd6 cxd6 7. Bc4 h6 8.
Qd5 Be6 9. Qxb7 Bxc4 10. Qxa8 Qb6 11. Nd1 Be7 12. e5 d5 13. b3 O-O 14. bxc4 Nc6
15. Qxc6 Qxc6 16. h3 Nxf2 17. Kxf2 Qxc4 18. c3 f5 19. Be3 f4 20. Bd4 Bc5 21. Re1
Be7 22. Bxa7 1-0

[Event "AUTO-ADV-771"]
[Site "http://www.queenalice.com/game.php?id=337871"]
[Date "2008.1.17"]
[Round "1"]
[White "klitzke"]
[Black "extinsion_extelar"]
[Result "0-1"]
[WhiteElo "1520"]
[BlackElo "1966"]

1. e4 e5 2. Bc4 Nf6 3. Nc3 Bc5 4. Qf3 O-O 5. d3 d6 6. h3 Nc6 7. a3 Nd4 8. Qd1 c6
9. Nf3 Nxf3+ 10. Qxf3 b5 11. Bb3 Bb7 12. Qg3 Re8 13. Bh6 Nh5 14. Qf3 Qf6 15.
Qxh5 Qxf2+ 16. Kd1 gxh6 17. Ne2 d5 18. c3 dxe4 19. dxe4 Rad8+ 20. Kc1 Qe3+ 21.
Kb1 Qxe4+ 22. Ka2 Qg6 0-1

[Event "AUTO-ADV-771"]
[Site "http://www.queenalice.com/game.php?id=337888"]
[Date "2008.1.17"]
[Round "1"]
[White "klitzke"]
[Black "hiu_abu_abu"]
[Result "0-1"]
[WhiteElo "1518"]
[BlackElo "1841"]

1. e4 c5 2. Bc4 e6 3. d4 d5 4. exd5 exd5 5. Be2 c4 6. Bf4 Nf6 7. f3 Nc6 8. Nc3
Bb4 9. Bd2 Nxd4 10. a3 Ba5 11. Bg5 Nxe2 12. Qxe2+ Be6 13. O-O-O Bxc3 14. bxc3
O-O 15. Nh3 Qe7 16. Rxd5 Qxa3+ 17. Kd2 Nxd5 0-1

[Event "AUTO-ADV-771"]
[Site "http://www.queenalice.com/game.php?id=337889"]
[Date "2008.1.17"]
[Round "1"]
[White "hiu_abu_abu"]
[Black "klitzke"]
[Result "1-0"]
[WhiteElo "1844"]
[BlackElo "1515"]

1. e3 e5 2. b3 d5 3. Bb2 e4 4. d3 Nf6 5. dxe4 Nxe4 6. Nf3 Nc6 7. Bb5 Qf6 8. Bxf6
Nxf6 9. Bxc6+ bxc6 10. O-O g6 11. Nc3 Bg7 12. Ne2 O-O 13. Ng3 Be6 14. Nd4 Bd7
15. Rb1 Rae8 16. Qd3 1-0

[Event "AUTO-ADV-771"]
[Site "http://www.queenalice.com/game.php?id=337890"]
[Date "2008.1.17"]
[Round "1"]
[White "klitzke"]
[Black "REUSKING"]
[Result "0-1"]
[WhiteElo "1666"]
[BlackElo "1969"]

1. e4 e5 2. Nf3 Nf6 3. Bc4 Nc6 4. d3 Be7 5. Nc3 d6 6. h3 O-O 7. d4 exd4 8. Nxd4
Nxd4 9. Qxd4 b6 10. Nd5 Bb7 11. b3 Nxd5 12. exd5 Bf6 13. Qg4 Bxa1 14. O-O Bc8
15. Qg3 Be5 16. Qf3 Qf6 17. Qe2 Re8 18. f4 Bd4+ 19. Be3 Rxe3 20. Qh5 Rxh3+ 21.
Rf2 Bxf2+ 22. Kxf2 Rxh5 23. Kg1 Qxf4 24. Be2 Qe3+ 25. Kf1 Rh1# 0-1

[Event "AUTO-ADV-771"]
[Site "http://www.queenalice.com/game.php?id=337891"]
[Date "2008.1.17"]
[Round "1"]
[White "REUSKING"]
[Black "klitzke"]
[Result "1-0"]
[WhiteElo "1943"]
[BlackElo "1662"]

1. e4 e5 2. Nf3 d6 3. d4 Nf6 4. Nc3 c6 5. dxe5 Ng4 6. h3 Nxf2 7. Kxf2 Qc7 8. Be3
dxe5 9. Bc4 h6 10. Qe2 b5 11. Bb3 Bd6 12. a3 Ba6 13. Qd2 b4 14. axb4 Bxb4 15.
Rad1 O-O 16. Qc1 Nd7 17. Ne2 Nc5 18. Ng3 Nxb3 19. cxb3 Be7 20. Bc5 Bxc5+ 21.
Qxc5 Rab8 22. b4 Rb5 23. Qc3 Qb6+ 24. Qe3 Qb7 25. Rd2 Rxb4 26. Rhd1 Rb3 27. Qc5
f6 28. Nf5 Qc7 29. Qe7 Qxe7 30. Nxe7+ Kf7 31. Nf5 Kg6 32. Rd7 Kh7 33. Rxg7+ Kh8
34. N3h4 Rxb2+ 35. Kg1 Rb7 36. Ng6# 1-0

[Event "Challenge"]
[Site "http://www.queenalice.com/game.php?id=343448"]
[Date "2008.1.26"]
[Round "-"]
[White "klitzke"]
[Black "Sabaak_No_Gaara"]
[Result "0-1"]
[WhiteElo "1558"]
[BlackElo "1899"]

1. e4 c5 2. Bc4 Nc6 3. Qf3 Nf6 4. Ne2 Ne5 5. Qb3 e6 6. d3 Nxc4 7. Qxc4 d5 8.
exd5 exd5 9. Qb3 Be7 10. Nbc3 O-O 11. O-O b6 12. Bg5 Bb7 13. Rae1 Bd6 14. Nf4
Bxf4 15. Bxf4 Rc8 16. Qa4 a6 17. Bg5 b5 18. Qh4 d4 19. Bxf6 gxf6 20. Ne2 Kh8 21.
Nf4 Rg8 22. Qh5 Qc7 0-1